| 000 | 00975nam a22003137a 4500 | ||
|---|---|---|---|
| 003 | CHAP | ||
| 005 | 20220329143800.0 | ||
| 008 | 110812s1974 us a r 00010 spa d | ||
| 010 | _a101812 | ||
| 011 | _a102784 | ||
| 035 | _a113473 | ||
| 040 | _cCHAP | ||
| 082 | 0 | 4 |
_a330.98 _bAl72 |
| 100 | 0 | 0 |
_aAlonso Gonzalez, Francisco. _94576 |
| 245 | 1 | 0 |
_aSuma tercer mundo _c/por Francisco Alonso González |
| 260 |
_aMéxico, D.F. : _bPrisma, _c1974 |
||
| 300 |
_a468 p. : _bilus. |
||
| 590 |
_aBATCH-UPD _b10 _c20130110 _lUCH01 _h1003 |
||
| 590 |
_aBATCH-UPD _b10 _c20130410 _lUCH01 _h0613 |
||
| 590 |
_aBATCH-UPD _b10 _c20130914 _lUCH01 _h0844 |
||
| 590 |
_aCONVERSION _b10 _c20130109 _lUCH01 _h1356 |
||
| 650 | 1 | 4 |
_aCapitalismo. _918711 |
| 650 | 1 | 4 |
_aInversiones extranjeras. _960193 |
| 650 | 1 | 4 |
_aPaíses subdesarrollados. _985149 |
| 650 | 1 | 4 |
_aSocialismo. _9108040 |
| 901 | _aBK | ||
| 942 | _cLIBRO | ||
| 949 |
_a330.98 Al72 _bBC _cLIBRO _d33724002227603 _eLIBRO _h115545 _i113473 _sb |
||
| 999 |
_c101812 _d101812 |
||